01354nam a2200313Ia 4500001001200000003000800012006001900020007001500039008004100054010001700095020001500112040002100127035002000148050002300168245012800191260005500319300002200374500012600396500003600522500003700558533015200595650003200747650002200779655002900801700002200830700004500852710001700897856012600914ebr10055257CaPaEBRm u cr cn|||||||||900125s1989 dcua s 100 0 eng d z 89062945  z0309040884 aCaPaEBRcCaPaEBR a(OCoLC)4347731614aQA76.5b.S8 1989eb00aSupercomputersh[electronic resource] :bdirections in technology and applications /cAcademy Industry Program ... [et al]. aWashington, D.C. :bNational Academy Press,c1989. ax, 102 p. :bill. aProceedings of a symposium on supercomputers held at the National Academy of Sciences complex on September 8 and 9, 1988. aAIP director: Allan R. Hoffman. aBoard chairman: Joseph F. Traub. aElectronic reproduction.bPalo Alto, Calif. :cebrary,d2009.nAvailable via World Wide Web.nAccess may be limited to ebrary affiliated libraries. 0aSupercomputersvCongresses. 0aComputer science. 7aElectronic books.2local1 aHoffman, Allan R.1 aTraub, J. F.q(Joseph Frederick),d1932-2 aebrary, Inc.40uhttp://site.ebrary.com/lib/rucke/Doc?id=10055257zAn electronic book accessible through the World Wide Web; click to view